|
|
|
|
| LEADER |
00667nab a2200181 i 4500 |
| 001 |
misc43776 |
| 005 |
20191106141233.0 |
| 008 |
180905s1993 hu o 0|| zxx d |
| 022 |
|
|
|a 1215-5233
|
| 040 |
|
|
|a SZTE Miscellanea Repozitórium
|b hun
|
| 041 |
|
|
|a zxx
|
| 100 |
1 |
|
|a Kárász Imre
|
| 245 |
1 |
0 |
|a Gondolatok a "környezetvédelem" szakos tanárképzésről
|h [elektronikus dokumentum] /
|c Kárász Imre
|
| 260 |
|
|
|c 1993
|
| 300 |
|
|
|a 20-26
|
| 490 |
0 |
|
|a Iskolakultúra
|v 3 No. 13-14
|
| 695 |
|
|
|a Tanárképzés - Magyarország, Környezetvédelem, Természetvédelem
|
| 856 |
4 |
0 |
|u http://misc.bibl.u-szeged.hu/43776/1/iskolakultura_1993_013_014_020-026.pdf
|z Dokumentum-elérés
|